Historie de l'Eglise depuis les origines jusqu'a nos jours

Kaydedildi:
Detaylı Bibliyografya
Asıl Yazarlar: Fliche, Augustin (Yazar), Martin, Victor (Yazar)
Materyal Türü: Kitap
Dil:Fransızca
Baskı/Yayın Bilgisi: Lyon Bloud et Gay 1948
Edisyon:1a. ed
Konular:
Etiketler: Etiketle
Etiket eklenmemiş, İlk siz ekleyin!

MARC

LEADER 00000cam a2200000 a 4500
001 UCD4214
003 CL-VaPUC
008 160701e19480000fr |||||||||||||||||fre|d
082 0 4 |a 270  |b FLI  |2 21 
100 0 |a Fliche, Augustin  |e author  |9 587847 
700 0 |a Martin, Victor  |e author  |9 587848 
245 1 0 |a Historie de l'Eglise depuis les origines jusqu'a nos jours 
250 |a 1a. ed 
300 |a v 
942 |c BK 
945 |d 20160701 20:49:00  |a dcastane 
260 |a Lyon  |b Bloud et Gay  |c 1948 
500 |a v.17: L'Eglise a l'epoque du Concile de Trente 
650 0 |a Historia de la iglesia   |9 257565 
650 0 |a Patrología  |9 349346 
650 0 |a Padres de la Iglesia  |9 313352 
583 |a last modification  |c 20160701 20:49:00  |k Rodrigo Vera 
999 |c 365156  |d 365154 
952 |0 0  |1 0  |3 erd  |4 0  |6 270_000000000000000_FLI_1948  |7 0  |8 A  |9 478903  |a FDOHBE  |b FDOHBE  |e Huesbe Llanos, Marco Antonio, 1934-  |h v.17  |i 5331641  |o 270 FLI 1948  |p 5331641  |r 2024-01-30  |w 2019-11-24  |y BK  |z Catalogado en:20160701  |k HBE